Trước sự nô lệ của con người : Con đường thử thách của văn hoá Việt Nam /

में बचाया:
ग्रंथसूची विवरण
मुख्य लेखक: Thích Minh Châu.
स्वरूप: Sách giấy
भाषा:Vietnamese
प्रकाशित: TP. HCM : Đại học Vạn hạnh, 1969.
टैग : टैग जोड़ें
कोई टैग नहीं, इस रिकॉर्ड को टैग करने वाले पहले व्यक्ति बनें!
Thư viện lưu trữ: Thư viện Trường Đại học Đà Lạt
LEADER 00683nam a2200265 4500
001 DLU140161473
005 ##20140417
040 # # |a DLU  |b vie 
041 # # |a vie 
044 # # |a vn 
082 # # |a 294.3  |b TH-C 
100 # # |a Thích Minh Châu. 
245 # # |a Trước sự nô lệ của con người :  |b Con đường thử thách của văn hoá Việt Nam /  |c Thích Minh Châu. 
260 # # |a TP. HCM :  |b Đại học Vạn hạnh,  |c 1969. 
300 # # |a 265 tr. ;  |c 19 cm. 
991 # # |a GT 
992 # # |a 0 
994 # # |a DLU 
900 # # |a True 
911 # # |a Đào Thị Thu Huyền 
925 # # |a G 
926 # # |a A 
927 # # |a SH 
980 # # |a Thư viện Trường Đại học Đà Lạt